Heaven Or Hell Tracklist (Don Toliver) - Statistics

General Stats
  • This quiz has been taken 103 times
  • The average score is 10 of 12
Answer Stats
Hint Answer % Correct
12 No Idea
93%
2 (ft Travis Scott, Kaash Paige) Euphoria
90%
1 Heaven or Hell
88%
4 After Party
87%
3 Cardigan
87%
10 (ft Sheck Wes) Spaceship
87%
9 (ft Offset, Quavo) Had Enough
85%
7 Candy
78%
6 Can't Feel My Legs
78%
11 No Photos
75%
8 Company
60%
5 Wasted
60%
No matching quizzes found
Score Distribution
Percent of People with Each Score
Percentile by Number Answered
Your Score History
You have not taken this quiz